|
|
|
|
| LEADER |
01013nam a2200337 4500 |
| 001 |
DLU090094569 |
| 005 |
##20091201 |
| 040 |
# |
# |
|a DLU
|b eng
|
| 041 |
# |
# |
|a eng
|
| 044 |
# |
# |
|a us
|
| 100 |
# |
# |
|a Choi, Jina.
|
| 245 |
# |
# |
|a Solvent-specific photolytic behavior of octachlorodibenzo-p-dioxin /
|c Jina Choi, Wonyong Choi, Byung Jin Mhin.
|
| 653 |
# |
# |
|a Electron transfer
|
| 653 |
# |
# |
|a Fluorescence spectrometry
|
| 653 |
# |
# |
|a Kinetics
|
| 653 |
# |
# |
|a Organic compounds
|
| 653 |
# |
# |
|a Persistent organic pollutant
|
| 653 |
# |
# |
|a Pollution
|
| 653 |
# |
# |
|a Reaction mechanism
|
| 700 |
# |
# |
|a Choi, Wonyong.
|
| 700 |
# |
# |
|a Mhin, Byung Jin.
|
| 773 |
# |
# |
|t Environmental Science & Technology
|g Vol. 38, no. 7 (April 2004), p. 2082-2088
|
| 920 |
# |
# |
|a Phòng Tạp chí -- Trung tâm Thông tin - Thư viện Trường Đại học Đà Lạt
|
| 994 |
# |
# |
|a DLU
|
| 900 |
# |
# |
|a True
|
| 911 |
# |
# |
|a Trương Bảo Trâm Anh
|
| 925 |
# |
# |
|a G
|
| 926 |
# |
# |
|a A
|
| 927 |
# |
# |
|a BB
|
| 980 |
# |
# |
|a Thư viện Trường Đại học Đà Lạt
|